Strategic plan for the south east studies, vol v : a report (Record no. 415365)

000 -LEADER
fixed length control field 00515cam a22001457a 4500
008 - FIXED-LENGTH DATA ELEMENTS--GENERAL INFORMATION
fixed length control field 180718b1971 xxu||||| |||| 00| 0 eng d
082 ## - DEWEY DECIMAL CLASSIFICATION NUMBER
Classification number J4x42 Un3 5
245 ## - TITLE STATEMENT
Title Strategic plan for the south east studies, vol v : a report
Statement of responsibility, etc. by Her Majesty's
260 ## - PUBLICATION, DISTRIBUTION, ETC.
Place of publication, distribution, etc. London
Name of publisher, distributor, etc. Her Majesty's
Date of publication, distribution, etc. 1971
300 ## - PHYSICAL DESCRIPTION
Extent xvii,102p
650 ## - SUBJECT ADDED ENTRY--TOPICAL TERM
Topical term or geographic name entry element Great Britain -- Economic policy -- 1964-1979
650 ## - SUBJECT ADDED ENTRY--TOPICAL TERM
Topical term or geographic name entry element Great Britain -- Economic conditions -- 1964-1979
650 ## - SUBJECT ADDED ENTRY--TOPICAL TERM
Topical term or geographic name entry element Regional planning -- Great Britain
700 ## - ADDED ENTRY--PERSONAL NAME
Personal name U.K. Her Majesty's
Holdings
Withdrawn status Lost status Damaged status Not for loan Permanent Location Current Location Date acquired Full call number Barcode Date last seen Price effective from Koha item type
        Indian Institute of Public Administration Indian Institute of Public Administration 2009-03-04 J4x42 Un3 5 DA3001 2018-07-21 2018-07-21 DA

Powered by Koha